000 00367 a2200169 4500
001 188098
020 _a978-85-322-6165-6
040 _cMagnum
100 _aBosca, Francesca
240 1 0 _aDiário de bordo de Noé
_lpor
245 1 0 _aDiário de bordo de Noé
300 _a38
362 0 _a2007
440 1 _aFTD
697 _aLITERATURA INFANTO
942 _cBK
999 _c188098
_d188098